00483nam a2200205Ia 4500008004100000020001800041050001400059100001700073245001800090245002700108245001700135260001500152260001600167260000900183300001400192300002700206300001000233440002600243500000800269170918s9999 xx 000 0 und d a9780590922340 bW521 1997 aWest, Tracey aSpins a web : ba book about spiders / cTracey West. aNew York : bScholastic, c1997 aunpaged : bcolored illustration ; c20cm. aThe magic school bus. a460